[Event "16th Neckar Open"]
[Site "Deizisau GER"]
[Date "2012.04.06"]
[Round "3.8"]
[White "Sanikidze,T"]
[Black "Gohil,H"]
[Result "1-0"]
[WhiteElo "2549"]
[BlackElo "2355"]

1.e4 c5 2.Nf3 Nc6 3.Bb5 d6 4.O-O Bd7 5.c3 Ne5 6.Nxe5 dxe5 7.Bxd7+ Qxd7 8.Qh5 Qc7
9.f4 exf4 10.d4 Nf6 11.Qe2 cxd4 12.Bxf4 e5 13.Bg5 Be7 14.cxd4 exd4 15.Nd2 O-O
16.Nf3 Rfe8 17.e5 Bc5 18.Kh1 Ng4 19.Rac1 Qb6 20.Qe4 Nxe5 21.Nxe5 Bd6 22.Rf5 Qxb2
23.Rcf1 Qxa2 24.Bf6 Bxe5 25.Rxe5 Rxe5 26.Bxe5 Qe6 27.Qxb7 Rf8 28.Bxd4 Qc4
29.Rd1 a5 30.Qa7 Qd5 31.Rb1 Rd8 32.Bc5 f6 33.Qxa5 Rd7 34.h3 Kf7 35.Qa3 Kg6
36.Qe3 Rc7 37.Qg3+  1-0

[Event "Pobeskydi Open 2012"]
[Site "Frydek Mistek CZE"]
[Date "2012.04.07"]
[Round "6"]
[White "Motycakova,M"]
[Black "Kozel,Ji"]
[Result "1/2-1/2"]
[WhiteElo "2087"]
[BlackElo "1969"]

1.e4 c5 2.Nf3 Nc6 3.Bb5 g6 4.O-O Bg7 5.Re1 a6 6.Bxc6 bxc6 7.Nc3 e5 8.d3 Ne7
9.Be3 d6 10.h3 Rb8 11.b3 O-O 12.Nh2 f5 13.f3 h6 14.Ne2 Kh7 15.c3 Qb6 16.exf5 Nxf5
17.Bf2 d5 18.b4 d4 19.bxc5 Qxc5 20.c4 Qa3 21.Rb1 Bd7 22.Qc2 c5 23.Nf1 Ba4
24.Qd2 Bf6 25.Neg3 Bc6 26.f4 Ne3  1/2-1/2

[Event "VI New Open Lugano"]
[Site "Lugano SUI"]
[Date "2012.04.07"]
[Round "2.6"]
[White "Borgo,G"]
[Black "Albicker,Laurenz"]
[Result "1-0"]
[WhiteElo "2397"]
[BlackElo "1512"]

1.e4 c5 2.Nf3 Nc6 3.Bb5 a6 4.Bxc6 bxc6 5.O-O d6 6.h3 e5 7.c3 Nf6 8.Re1 Be7
9.d4 cxd4 10.cxd4 Qc7 11.Nc3 Bb7 12.Bg5 O-O 13.Rc1 h6 14.Bxf6 Bxf6 15.Nd5 Qd8
16.Nxf6+ Qxf6 17.dxe5 dxe5 18.Qd7 Rab8 19.b3 Rfd8 20.Qc7 Qd6 21.Qxd6 Rxd6
22.Nxe5 Rbd8 23.Nc4 Rg6 24.Red1 Re8 25.f3 Ba8 26.Rd7 Rf8 27.Rcd1 Re6 28.Kf2 f5
29.exf5 Rxf5 30.Ra7 Rf8 31.Nb6 Ree8 32.Rdd7  1-0

[Event "VI New Open Lugano"]
[Site "Lugano SUI"]
[Date "2012.04.07"]
[Round "2.1"]
[White "Sedina,E"]
[Black "Hamdouchi,H"]
[Result "0-1"]
[WhiteElo "2353"]
[BlackElo "2617"]

1.e4 c5 2.Nf3 Nc6 3.Bb5 e6 4.O-O Nge7 5.Nc3 Nd4 6.Nxd4 cxd4 7.Ne2 a6 8.Bd3 Nc6
9.c3 Bc5 10.Qc2 Ba7 11.b3 dxc3 12.Qxc3 O-O 13.Ba3 Re8 14.Bb2 f6 15.Rac1 d5
16.exd5 exd5 17.Qc2 Kh8 18.Ng3 Nb4 19.Qb1 Nxd3 20.Qxd3 Bd7 21.Rfe1 Qb6 22.Qf3 Re6
23.Rxe6 Qxe6 24.d4 Re8 25.h3 Bb8 26.Bc3 Qd6 27.Re1 Rxe1+ 28.Bxe1 g6 29.Nf1 Kg7
30.Bd2 Bf5 31.Qe3 g5 32.h4 h6 33.hxg5 hxg5 34.Ng3 Bg6 35.Qf3 Qe6 36.Be3 a5
37.Nh5+ Kf7 38.Ng3 Ke7 39.Bd2 b6 40.b4 a4 41.b5 Bd6 42.Qd1 Bxg3 43.fxg3 Kf7
44.Qe1 Qg4 45.Qe3 Qd1+ 46.Qe1 Qc2 47.Bb4 Be4 48.Qd2 Qc4 49.a3 Qxb5 50.Kf2 Qc4
51.Qc3 Qa2+ 52.Qd2 Qa1 53.Ke3 Qh1 54.Qe2 Bxg2 55.Kf2 Be4 56.Qg4 Qg2+ 57.Ke1 Kg6
58.Qe6 Qxg3+ 59.Ke2 Qf3+ 60.Kd2 Qd3+ 61.Ke1 Qe3+  0-1

[Event "Karposh Open 2012"]
[Site "Skopje MKD"]
[Date "2012.04.07"]
[Round "1.53"]
[White "Nikolova,A"]
[Black "Tairi,K"]
[Result "1-0"]
[WhiteElo "2293"]
[BlackElo "1804"]

1.e4 c5 2.Nf3 Nc6 3.Bb5 e6 4.O-O Nge7 5.Re1 a6 6.Bf1 Ng6 7.c3 Be7 8.d4 d6
9.a4 O-O 10.Na3 Rb8 11.Be3 Qc7 12.h3 Rd8 13.Qe2 Bd7 14.g3 Na7 15.Nc2 b5 16.axb5 Bxb5
17.c4 Bd7 18.Reb1 Bc8 19.h4 Bf6 20.h5 Ne7 21.Bd2 Nec6 22.d5 Nb4 23.Ne3 Bb7
24.Bc3 e5 25.Bh3 Nc8 26.Kg2 Ne7 27.Ng4 Bc8 28.Nxf6+ gxf6 29.Nh4 Kh8 30.Rh1 Rg8
31.Qf3 f5 32.Bxf5 Bxf5 33.Nxf5 Nxf5 34.Qxf5 Qe7 35.Ra4 Nd3 36.Rxa6 Nxb2 37.Ra7 Qg5
38.Qxf7 Rg7 39.Qxg7+ Qxg7 40.Rxg7 Kxg7 41.Rb1  1-0

[Event "Karposh Open 2012"]
[Site "Skopje MKD"]
[Date "2012.04.07"]
[Round "1.54"]
[White "Lazov,Toni"]
[Black "Raeva,E"]
[Result "0-1"]
[WhiteElo "1798"]
[BlackElo "2292"]

1.e4 c5 2.Nf3 Nc6 3.Bb5 g6 4.O-O Bg7 5.Nc3 Nf6 6.d3 O-O 7.Bxc6 bxc6 8.Be3 d6
9.h3 Rb8 10.Rb1 h6 11.Qd2 Kh7 12.Nh2 e5 13.f4 exf4 14.Bxf4 Nh5 15.Be3 Be6
16.a3 Ng3 17.Rf3 Bxc3 18.Qf2 Nh5 19.g4 Ng7 20.b3 Rb7 21.Qg3 Be5 22.Qe1 f5
23.exf5 gxf5 24.gxf5 Nxf5  0-1

[Event "Campomanes Mem GM Open"]
[Site "Bandar Seri Begawan BRU"]
[Date "2012.04.08"]
[Round "1.10"]
[White "Karunanayake,Ma"]
[Black "Vakhidov,J"]
[Result "0-1"]
[WhiteElo "1675"]
[BlackElo "2396"]

1.e4 c5 2.Nf3 Nc6 3.Bb5 g6 4.O-O Bg7 5.Re1 e5 6.Nc3 Nge7 7.d3 O-O 8.a3 d6
9.Bg5 h6 10.Bd2 g5 11.Qc1 Bg4 12.Qd1 Nd4 13.Bc4 Ng6 14.Be3 Nxf3+ 15.gxf3 Bh5
16.Bd2 Nh4 17.Re3 Qd7 18.Kf1 Qh3+ 19.Ke2 Nxf3 20.Qc1 Nxh2+ 21.Ke1 Qf1+  0-1

[Event "Semana Santa LAB Open"]
[Site "Bogota COL"]
[Date "2012.04.08"]
[Round "9"]
[White "Corredor Rengifo,Luis Fernando"]
[Black "Lopez,CM CUB"]
[Result "0-1"]
[WhiteElo "1914"]
[BlackElo "2313"]

1.e4 c5 2.Nf3 Nc6 3.Bb5 g6 4.O-O Bg7 5.Bxc6 bxc6 6.d3 Nf6 7.Nc3 O-O 8.Be3 d6
9.h3 e5 10.Qd2 Rb8 11.Rab1 Nh5 12.g4 Nf6 13.Bh6 Ne8 14.Nh2 Qh4 15.Bg5 Qxh3
16.Be7 Bxg4 17.Bxf8 Bxf8 18.Qg5 Be6 19.Qg3 Qxg3+ 20.fxg3 h5 21.Kg2 Nc7 22.Nf3 Be7
23.b3 f6 24.Ne2 Bf8 25.c4 Bh6 26.Nc3 a5 27.Nh4 Kf7 28.Na4 Bg4 29.Nf3 Kg7
30.Rf2 Na6 31.a3 Be6 32.Ne1 f5 33.Nc2 fxe4 34.dxe4 Bxc4  0-1

[Event "6th Philadelphia Open"]
[Site "Philadelphia USA"]
[Date "2012.04.08"]
[Round "8.20"]
[White "Santarius,E"]
[Black "Vibbert,Sean"]
[Result "1-0"]
[WhiteElo "2292"]
[BlackElo "2180"]

1.e4 c5 2.Nf3 Nc6 3.Bb5 d6 4.O-O Nf6 5.Re1 Bd7 6.h3 a6 7.Bf1 g6 8.c3 e5 9.d4 Qe7
10.d5 Na7 11.Qb3 b5 12.a4 Bg7 13.axb5 axb5 14.Ra6 O-O 15.Qa2 Bc8 16.Ra5 Qb7
17.Bxb5 Bd7 18.Ba6 Qc7 19.Bf1 Rfb8 20.Nbd2 Rb7 21.Nc4 Ne8 22.Be3 Rab8 23.b4 Nb5
24.bxc5 dxc5 25.Qc2 f5 26.exf5 Bxf5 27.Qc1 Be4 28.d6 Nexd6 29.Nxd6 Qxd6 30.Bc4+ Kh8
31.Ng5 Qc6 32.Rxb5 Bxg2 33.Rxc5 Rb1 34.Nf7+ Kg8 35.Nxe5+ Kh8 36.Nf7+ Kg8
37.Nd8+ Kh8 38.Nxc6 Rxc1 39.Rxc1  1-0

[Event "Karposh Open 2012"]
[Site "Skopje MKD"]
[Date "2012.04.08"]
[Round "2.39"]
[White "Sedlak,N"]
[Black "Miskoski,M"]
[Result "1-0"]
[WhiteElo "2593"]
[BlackElo "1965"]

1.e4 c5 2.Nf3 Nc6 3.Bb5 a6 4.Bxc6 dxc6 5.d3 Qc7 6.a4 e5 7.a5 Bd6 8.Nbd2 Bg4
9.h3 Bh5 10.Nc4 O-O-O 11.Be3 f5 12.exf5 Nf6 13.g4 Bf7 14.Ng5 e4 15.Nxf7 Qxf7
16.g5 exd3 17.Nb6+ Kb8 18.gxf6 Rhe8 19.Qxd3 Bf4 20.Qxd8+ Rxd8 21.Bxf4+ Ka7
22.O-O gxf6 23.Rfd1 Rd4 24.Rxd4 cxd4 25.Re1 Qa2 26.Re8 Qxa5 27.Bc7 Qa1+ 28.Kg2  1-0

[Event "I FirstSun Mallorca"]
[Site "Cala Rajada ESP"]
[Date "2012.04.10"]
[Round "2"]
[White "Martinez Romero,M"]
[Black "Calzetta Ruiz,M"]
[Result "1-0"]
[WhiteElo "2363"]
[BlackElo "2300"]

1.e4 c5 2.Nf3 Nc6 3.Bb5 g6 4.Bxc6 dxc6 5.d3 Bg7 6.h3 Nf6 7.Nc3 O-O 8.Be3 Nd7
9.O-O e5 10.Qd2 Re8 11.a3 Qe7 12.b4 f5 13.exf5 gxf5 14.Rfe1 cxb4 15.axb4 Qxb4
16.Ra4 Qd6 17.Rh4 Nf8 18.Bh6 Bd7 19.Bxg7 Kxg7 20.Qc1 Qf6 21.Ne2 f4 22.d4 Ng6
23.dxe5 Nxe5 24.Rxf4 Nxf3+ 25.Rxf3 Qe5 26.Rd1 Be6 27.Nf4 Bd5 28.Rg3+ Kf8
29.Nxd5 cxd5 30.Qh6+  1-0

[Event "Karposh Open 2012"]
[Site "Skopje MKD"]
[Date "2012.04.10"]
[Round "5.49"]
[White "Stojcevski,Z"]
[Black "Miskoski,M"]
[Result "1-0"]
[WhiteElo "2346"]
[BlackElo "1965"]

1.e4 c5 2.Nf3 Nc6 3.Bb5 a6 4.Bxc6 dxc6 5.d3 Qc7 6.h3 e5 7.Be3 Bd6 8.Nbd2 Ne7
9.a4 a5 10.Nc4 f6 11.Qd2 Be6 12.Qc3 b6 13.Nfd2 Nd5 14.exd5 cxd5 15.Nxd6+ Qxd6
16.Qa3 f5 17.f3 O-O 18.O-O-O d4 19.Bf2 b5 20.axb5 Rfb8 21.Nc4 Bxc4 22.dxc4 e4
23.Bxd4 Rc8 24.fxe4 Qe6 25.Be3 Qxc4 26.Qb3 Qxb3 27.cxb3 Rab8 28.exf5 Rxb5
29.Rd5 Rxb3 30.Rxc5 Rxc5+ 31.Bxc5 Rb5 32.Bd4  1-0

[Event "I FirstSun Mallorca"]
[Site "Cala Rajada ESP"]
[Date "2012.04.11"]
[Round "4"]
[White "Ali,E"]
[Black "Calzetta Ruiz,M"]
[Result "0-1"]
[WhiteElo "2349"]
[BlackElo "2300"]

1.e4 c5 2.Nf3 Nc6 3.Bb5 g6 4.Bxc6 dxc6 5.d3 Bg7 6.h3 Nf6 7.Nc3 O-O 8.Be3 Nd7
9.Qd2 e5 10.Bh6 Qc7 11.O-O-O f6 12.Nh2 Bxh6 13.Qxh6 a5 14.Rdf1 c4 15.dxc4 Nb6
16.Rd1 Nxc4 17.Rd3 Be6 18.Kb1 a4 19.a3 b5 20.Na2 c5 21.Nc3 b4 22.axb4 cxb4
23.Nd5 Bxd5 24.Rxd5 b3 25.Rhd1 bxc2+ 26.Kxc2 Rac8 27.R1d3 Ne3+ 28.Kb1 Nxd5
29.Rxd5 a3 30.Ng4 Qb6 31.Nxf6+ Rxf6  0-1

[Event "Karposh Open 2012"]
[Site "Skopje MKD"]
[Date "2012.04.11"]
[Round "6.3"]
[White "Drazic,S"]
[Black "Ivanisevic,I"]
[Result "1/2-1/2"]
[WhiteElo "2536"]
[BlackElo "2645"]

1.e4 c5 2.Nf3 Nc6 3.Bb5 g6 4.O-O Bg7 5.Re1 e5 6.a3 Nge7 7.b4 Nd4 8.Nxd4 cxd4
9.c3 O-O 10.cxd4 d5 11.dxe5 dxe4 12.d4 exd3 13.Qxd3 a6 14.Bg5 axb5 15.Qxd8 Rxd8
16.Bxe7 Rd3 17.Bf6 Be6 18.Bxg7 Kxg7 19.h3 Rc8 20.a4 Rc2 21.Ra3 Rd4 22.Rc3 Rb2
23.axb5 Rf4 24.f3 Rfxb4 25.Na3 Ra2 26.Rec1 h5 27.R1c2 Rxc2 28.Rxc2 Kh6 29.Rc7 b6
30.Kh2 Rb2 31.h4 Rb4 32.Kg3 g5 33.hxg5+ Kxg5 34.Nc2 h4+ 35.Kh2 Rc4 36.Rxc4 Bxc4
37.Ne3 Bxb5 38.g3 Be2 39.f4+ Kh5 40.Kh3 hxg3 41.Kxg3 b5 42.Nd5 Bc4 43.Nb4 Kg6
44.Kf3 Kf5 45.Ke3 f6 46.Nc6 fxe5 47.fxe5 Bd5 48.Nd4+ Kxe5 49.Nxb5  1/2-1/2

[Event "Sydney International Open"]
[Site "Parramatta AUS"]
[Date "2012.04.12"]
[Round "4.2"]
[White "Zeng,C"]
[Black "Horvath,Ad1"]
[Result "1-0"]
[WhiteElo "2435"]
[BlackElo "2487"]

1.e4 c5 2.Nf3 Nc6 3.Bb5 e6 4.O-O Nge7 5.c3 Ng6 6.d4 cxd4 7.cxd4 d5 8.exd5 exd5
9.Nc3 Be7 10.Qa4 Qd6 11.Ne5 Bd7 12.f4 Ngxe5 13.fxe5 Qe6 14.Qd1 O-O 15.Be2 Bb4
16.Bf3 Ne7 17.Ne2 Qa6 18.Bg5 Ng6 19.Bxd5 Ba4 20.Bb3 Bb5 21.Rf2 h6 22.Be3 Rad8
23.a4 Bd3 24.Nf4 Nxf4 25.Rxf4 Ba5 26.Qf3 Bg6 27.Rf1 Qd3 28.Bxf7+ Bxf7 29.Rxf7 Qxf1+
30.Qxf1 Rxf7 31.Qb5 Bb6 32.e6 Re7 33.Qe5 Bc7 34.Qe4 Bb6 35.Kf2 a6 36.d5  1-0

[Event "Karposh Open 2012"]
[Site "Skopje MKD"]
[Date "2012.04.12"]
[Round "7.58"]
[White "Kacakovski,D"]
[Black "Karatrajkov,Nikola"]
[Result "1-0"]
[WhiteElo "2128"]
[BlackElo "1770"]

1.e4 c5 2.Nf3 Nc6 3.Bb5 e5 4.Nc3 Nge7 5.d3 a6 6.Bc4 h6 7.a4 b6 8.O-O d6 9.h3 g5
10.Nh2 Bg7 11.Qh5 Ng6 12.Nd5 Nd4 13.c3 Ne6 14.g3 Bd7 15.f4 gxf4 16.gxf4 exf4
17.Bxf4 Ngxf4 18.Nxf4 Qg5+ 19.Ng4 Bf6 20.Bxe6 Bxe6 21.Nxe6 Qxh5 22.Nxf6+ Ke7
23.Nxh5 fxe6 24.Rf3 Rag8+ 25.Rg3 Rg5 26.Rxg5 hxg5 27.Ng3 Rxh3 28.Kg2 g4 29.Rh1 Rxh1
30.Nxh1 b5 31.a5 Kf6 32.Nf2 d5 33.Nxg4+ Kg5 34.exd5 exd5 35.Ne3 d4 36.cxd4 cxd4
37.Nc2 Kf4 38.Nxd4 Ke3 39.Nxb5  1-0

[Event "Karposh Open 2012"]
[Site "Skopje MKD"]
[Date "2012.04.12"]
[Round "7.9"]
[White "Kastelic,M"]
[Black "Nevednichy,V"]
[Result "0-1"]
[WhiteElo "2286"]
[BlackElo "2562"]

1.e4 c5 2.Nf3 Nc6 3.Bb5 Qb6 4.Bxc6 Qxc6 5.Qe2 d6 6.d4 Bg4 7.d5 Qd7 8.Nbd2 e6
9.O-O Be7 10.Re1 e5 11.a4 Nf6 12.h3 Bh5 13.Qb5 a6 14.Qxd7+ Nxd7 15.a5 Bg6
16.g4 h5 17.g5 h4 18.Nc4 f5 19.gxf6 gxf6 20.Kh2 O-O-O 21.c3 Kc7 22.b4 cxb4
23.cxb4 Kb8 24.Ba3 f5 25.b5 axb5 26.Ncxe5 Bh5 27.exf5 Nxe5 28.Nxe5 Bf6 29.Ng6 Bxa1
30.Rxa1 Rhg8 31.Rg1 Ka7 32.Rg5 Bf3 33.f6 Be4 34.f7 Rxg6  0-1

[Event "Karposh Open 2012"]
[Site "Skopje MKD"]
[Date "2012.04.13"]
[Round "8.41"]
[White "Ljangov,P"]
[Black "Dimitrijevic,R"]
[Result "0-1"]
[WhiteElo "2089"]
[BlackElo "2240"]

1.e4 c5 2.Nf3 Nc6 3.Bb5 Nf6 4.Nc3 Qc7 5.O-O Nd4 6.Re1 a6 7.Bf1 Ng4 8.g3 Nxf3+
9.Qxf3 Ne5 10.Qe2 e6 11.d3 d6 12.f4 Nc6 13.Qf2 Be7 14.Be3 b5 15.Bg2 b4 16.Ne2 O-O
17.e5 Bb7 18.exd6 Qxd6 19.Rad1 Na5 20.Bxb7 Nxb7 21.Qg2 Qc7  0-1

[Event "TCh-CAT 2012"]
[Site "Catalunya ESP"]
[Date "2012.04.14"]
[Round "10.2"]
[White "Simacek,P"]
[Black "Cuartas Medina,J"]
[Result "1/2-1/2"]
[WhiteElo "2438"]
[BlackElo "2284"]

1.e4 c5 2.Nf3 Nc6 3.Bb5 g6 4.Bxc6 dxc6 5.d3 f6 6.Be3 e5 7.Qd2 Be6 8.Qc3 b6
9.Nbd2 Qd7 10.a4 a5 11.Nc4 Qc7 12.b3 Nh6 13.O-O Nf7 14.Qe1 g5 15.Bd2 h5 16.Bc3 h4
17.Nfd2 Be7 18.Ne3 Qd7 19.Qe2 Bd8 20.Bb2 Bc7 21.Qf3 g4 22.Qxf6 Rh6 23.Qg7 O-O-O
24.f3 g3 25.Ng4 gxh2+ 26.Kh1 Rhh8 27.Nxe5 Bxe5 28.Bxe5 Rdg8 29.Qf6 Rh6 30.Qf4  1/2-1/2

[Event "IV ch-IberoAmerican GpC"]
[Site "Quito ECU"]
[Date "2012.04.14"]
[Round "1.1"]
[White "De la Riva Aguado,O"]
[Black "Zambrana,O"]
[Result "1-0"]
[WhiteElo "2545"]
[BlackElo "2492"]

1.e4 c5 2.Nf3 Nc6 3.Bb5 e6 4.O-O Nge7 5.c3 a6 6.Ba4 b5 7.Bc2 Bb7 8.Qe2 Qb6
9.Rd1 Rc8 10.d4 cxd4 11.cxd4 Nb4 12.Bb3 Nec6 13.d5 Na5 14.Be3 Bc5 15.Bxc5 Qxc5
16.Nc3 Nxb3 17.axb3 O-O 18.Qd2 exd5 19.exd5 Rfe8 20.h3 h6 21.Rac1 Qd6 22.Re1 Rxe1+
23.Rxe1 a5 24.Nd4 Qb6 25.Nf5 Kh7 26.Re3 Qf6 27.Rf3 Re8 28.Ne3 Qg6 29.Qd4 f6
30.Qb6 Bxd5 31.Ncxd5 Nxd5 32.Nxd5 Re1+ 33.Kh2 Qb1 34.Nf4 Rh1+ 35.Kg3 Qf5
36.Re3 h5 37.Qb8 h4+ 38.Kf3 Rd1 39.Re8  1-0

[Event "TCh-SUI National A 2012"]
[Site "Switzerland SUI"]
[Date "2012.04.15"]
[Round "2.5"]
[White "Vogt,L"]
[Black "Abbet,J"]
[Result "1-0"]
[WhiteElo "2411"]
[BlackElo "2088"]

1.e4 c5 2.Nf3 Nc6 3.Bb5 g6 4.Bxc6 dxc6 5.h3 Bg7 6.Nc3 Nf6 7.O-O O-O 8.d3 Qc7
9.Be3 b6 10.Qd2 Re8 11.Bh6 Nh5 12.Bxg7 Nxg7 13.Nh2 e5 14.f4 exf4 15.Rxf4 Qe7
16.Raf1 Rf8 17.Ng4 Bxg4 18.Rxg4 f5 19.exf5 Rxf5 20.Re1 Qf7 21.b3 Rf8 22.Ne4 Rf1+
23.Rxf1 Qxf1+ 24.Kh2 Ne6 25.Qe3 Nd4 26.c3 Nf5 27.Qd2 Rd8 28.Nf2 Re8 29.Re4 Rxe4
30.dxe4 Ne7 31.Kg3 h5 32.h4 Qa6 33.Qd8+ Kf7 34.Nh3 Qb7 35.Qh8 Ke6 36.Qd8 Kf7
37.Ng5+ Kg7 38.Qe8 Ng8 39.Ne6+ Kh7 40.Nf8+ Kg7 41.Nd7 a5 42.Ne5 Ne7 43.Qf7+ Kh6
44.Nxg6 Qb8+ 45.Qf4+ Qxf4+ 46.Nxf4 b5 47.Nd3 b4 48.c4 Ng6 49.Nxc5 Kg7 50.Nb7 Kf6
51.Nxa5 Ne5 52.Kf4 c5 53.Nb7 Nd3+ 54.Ke3 Nc1 55.Nxc5 Nxa2 56.Nd3  1-0

[Event "Brunei GM Inv 2012"]
[Site "Bandar Seri Begawan BRU"]
[Date "2012.04.16"]
[Round "8.3"]
[White "Yap,K"]
[Black "Dzhumaev,M"]
[Result "0-1"]
[WhiteElo "2405"]
[BlackElo "2494"]

1.e4 c5 2.Nf3 Nc6 3.Bb5 e6 4.O-O Nge7 5.Re1 a6 6.Bf1 Ng6 7.c3 Be7 8.d4 cxd4
9.cxd4 d5 10.e5 O-O 11.Nc3 Bd7 12.Bd3 Qb6 13.Be3 Na7 14.Bg5 Bxg5 15.Nxg5 h6
16.Nxf7 Kxf7 17.Qh5 Ke7 18.Bxg6 Qxd4 19.Ne4 Kd8 20.Red1 Qb6 21.Qh4+ Kc7 22.Qe7 Rad8
23.Rac1+ Kb8 24.Nc5 Bc8 25.Qxg7 Nc6 26.b4 Ka7 27.Bh7 Qxb4 28.g3 Qa3 29.Bd3 Qxa2
30.Rc2 Qa3 31.Rb1 Ka8 32.Qc7 Nb4 33.Ra2 Qxa2  0-1

[Event "World Amateur Championship"]
[Site "Neos Marmaras GRE"]
[Date "2012.04.16"]
[Round "1"]
[White "Kafetzis,G"]
[Black "Al Zarooni,E"]
[Result "1-0"]
[WhiteElo "1967"]
[BlackElo "1695"]

1.e4 c5 2.Nf3 Nc6 3.Bb5 g6 4.Bxc6 bxc6 5.d3 Bg7 6.Nc3 Nh6 7.h3 O-O 8.Be3 Qb6
9.Qc1 f6 10.Bxh6 Bxh6 11.Qxh6 Qxb2 12.Kd2 Qb8 13.Qe3 d6 14.g4 Be6 15.Nh4 c4
16.d4 Qc7 17.f4 Bf7 18.f5 g5 19.Ng2 d5 20.exd5 Bxd5 21.Nxd5 cxd5 22.h4 h6
23.hxg5 hxg5 24.Qh3  1-0

[Event "Russian Junior Girls 2012"]
[Site "Sochi RUS"]
[Date "2012.04.18"]
[Round "2"]
[White "Belenkaya,D"]
[Black "Matveeva,O"]
[Result "0-1"]
[WhiteElo "2229"]
[BlackElo "2211"]

1.e4 c5 2.Nf3 Nc6 3.Bb5 g6 4.Bxc6 dxc6 5.d3 Bg7 6.h3 Nf6 7.Nc3 Nd7 8.Be3 e5
9.Qd2 h6 10.O-O Qe7 11.Nh2 Nf8 12.f4 exf4 13.Bxf4 Ne6 14.Bg3 Qg5 15.Qxg5 Nxg5
16.e5 Bf5 17.Rae1 c4 18.dxc4 Bxc2 19.h4 Ne6 20.Ne4 Bxe4 21.Rxe4 Rd8 22.Be1 h5
23.Bc3 Ke7 24.Nf3 Bh6 25.Kh2 c5 26.g3 Rd3 27.Re2 Rhd8 28.Ne1 Rd1 29.Ref2 Rf8
30.Rf3 Bd2 31.Rd3 Rd8 32.Rxd8 Nxd8 33.Kg1 Bxc3 34.bxc3 Nc6 35.Nf3 Rd3 36.Ng5 Nxe5
37.Re1 f6 38.Kg2 Rxc3 39.Re2 Rxc4 40.Nf3 Ke6 41.Ne1 Rc3 42.Kf2 b5 43.Nc2 a5
44.Ne3 a4 45.Nd1 Rf3+ 46.Kg2 Rd3 47.Nf2 Rd5 48.Ne4 b4 49.Rb2 Nd3 50.Re2 Re5
51.Kf3 f5 52.Nd2 Rxe2 53.Kxe2 Nc1+ 54.Ke3 Nxa2 55.Nc4 Nc3 56.Kd3 Ne4  0-1

[Event "World Amateur Championship"]
[Site "Neos Marmaras GRE"]
[Date "2012.04.19"]
[Round "5"]
[White "Ferreira,W"]
[Black "Alfven,Jorgen"]
[Result "1-0"]
[WhiteElo "1998"]
[BlackElo "1856"]

1.e4 c5 2.Nf3 Nc6 3.Bb5 g6 4.O-O Bg7 5.c3 e6 6.d4 cxd4 7.cxd4 a6 8.Ba4 d5
9.exd5 exd5 10.Bxc6+ bxc6 11.Qa4 Ne7 12.Bg5 f6 13.Bf4 O-O 14.Nbd2 Bg4 15.Rac1 Qd7
16.Rfe1 Rfc8 17.h3 Bxf3 18.Nxf3 Nf5 19.Re2 g5 20.Bh2 h5 21.Rec2 g4 22.hxg4 hxg4
23.Nd2 Bh6 24.Rd1 g3 25.Bxg3 Nxg3 26.fxg3 Be3+ 27.Kf1 Qg4 28.Nf3 Qxg3 29.Qa3 Bf4
30.Qe7 Qg6 31.Qe6+ Kg7 32.Qd7+ Kh6 33.Nh4 Qxc2 34.Nf5+ Kg5 35.Qg7+ Kh5 36.g4+  1-0

[Event "IV ch-IberoAmerican Final GpB"]
[Site "Quito ECU"]
[Date "2012.04.19"]
[Round "2.2"]
[White "Barrientos,S"]
[Black "Gonzalez,Be CRC"]
[Result "0-1"]
[WhiteElo "2519"]
[BlackElo "2427"]

1.e4 c5 2.Nf3 Nc6 3.Bb5 g6 4.Bxc6 dxc6 5.d3 Bg7 6.h3 Nf6 7.Nc3 O-O 8.Be3 b6
9.Qd2 e5 10.O-O-O Qd6 11.Kb1 b5 12.g4 a5 13.Ne2 a4 14.Nc1 b4 15.Rdg1 Be6
16.Bh6 c4 17.dxc4 Qxd2 18.Bxd2 Nxe4 19.Bxb4 Rfb8 20.Be1 Nd6 21.Nd2 Bxc4 22.Rg3 Bd5
23.Rf1 e4 24.b3 Nb5 25.Ne2 axb3 26.Nxb3 Na3+ 27.Kc1 Nxc2  0-1

[Event "Russian Juniors 2012"]
[Site "Sochi RUS"]
[Date "2012.04.19"]
[Round "3"]
[White "Nozdrachev,V"]
[Black "Belous,V"]
[Result "0-1"]
[WhiteElo "2449"]
[BlackElo "2524"]

1.e4 c5 2.Nf3 Nc6 3.Bb5 d6 4.Bxc6+ bxc6 5.O-O e5 6.c3 Nf6 7.d4 Nxe4 8.Qa4 Qb6
9.Re1 f5 10.dxe5 d5 11.c4 Qa6 12.Qc2 Be6 13.Na3 Be7 14.Nd2 O-O 15.f3 Nxd2
16.Bxd2 dxc4 17.Nb1 Rad8 18.Nc3 Rd3 19.Be3 Rfd8 20.Qf2 Qa5 21.h4 R8d4 22.Bxd4 cxd4
23.Ne2 Rd2 24.Qg3 Rxb2 25.Nf4 Bf7 26.e6 Be8 27.Rab1 Qb6 28.Rxb2 Qxb2 29.Qf2 Qb4
30.a3 Qxa3 31.Qc2 Qc5 32.Kf1 d3 33.Qc3 Bxh4 34.Nxd3 Bxe1  0-1

[Event "TCh-CZE Extraliga 2011-12"]
[Site "Czech Republic CZE"]
[Date "2012.04.20"]
[Round "9.3"]
[White "Zhigalko,A"]
[Black "Mudrak,J"]
[Result "1-0"]
[WhiteElo "2555"]
[BlackElo "2368"]

1.e4 c5 2.Nf3 Nc6 3.Bb5 a6 4.Bxc6 dxc6 5.O-O Bg4 6.h3 Bxf3 7.Qxf3 e5 8.a4 Ne7
9.a5 Ng6 10.d3 Be7 11.Be3 O-O 12.Nd2 Qd7 13.Nb3 f5 14.Nxc5 Bxc5 15.Bxc5 fxe4
16.Qxe4 Rf4 17.Qe3 Re8 18.g3 Rf5 19.Ra4 Rh5 20.h4 Nf4 21.Re1 Nd5 22.Qe2 Nf6
23.Rc4 g5 24.Qf3 Qf7 25.hxg5 Rxg5 26.Be3 e4 27.dxe4 Rxa5 28.Rd4 Rae5 29.Bf4 R5e6
30.b4 Qg6 31.e5 Ng4 32.Rde4 h5 33.Qh1 Qf5 34.Qh3 Qg6 35.f3 Nh6 36.Bxh6 Qxh6
37.f4 Rg6 38.f5 Rg5 39.f6 Qg6 40.Kh2 Rg4 41.Qg2 Kf7 42.Qd2 Qf5 43.Qd4 Rd8
44.Qc4+ Rd5 45.Rf4 Qe6 46.Rxg4 Rd2+ 47.Kg1 hxg4 48.Qe4 Ke8 49.Re2 Rxe2 50.Qxe2 Qf5
51.c3 Kf8 52.Qe3 Qb1+ 53.Kf2 Qc2+ 54.Ke1 Qb1+ 55.Kd2 Qa2+ 56.Kd3 Kf7 57.Qe4 Qb1+
58.Kd4 Qg1+ 59.Qe3 Qd1+ 60.Kc5 Qd8 61.Qd4 Qc7 62.Qc4+ Kf8 63.Qe6 b6+ 64.Kc4 b5+
65.Kc5 Qa7+ 66.Kxc6 Qa8+ 67.Kc5 Qa7+ 68.Qb6  1-0

[Event "TCh-CZE Extraliga 2011-12"]
[Site "Czech Republic CZE"]
[Date "2012.04.21"]
[Round "10.6"]
[White "Adamek,J"]
[Black "Markos,J"]
[Result "0-1"]
[WhiteElo "2285"]
[BlackElo "2596"]

1.e4 c5 2.Nf3 Nc6 3.Bb5 d6 4.O-O Bd7 5.Re1 Nf6 6.c3 a6 7.Bf1 Bg4 8.h3 Bxf3
9.Qxf3 g6 10.d3 Bg7 11.g4 Nd7 12.a4 Rb8 13.Na3 b5 14.axb5 axb5 15.Bd2 O-O
16.Qd1 Na5 17.Rb1 b4 18.Nc2 Nb3 19.cxb4 Nxd2 20.Qxd2 cxb4 21.d4 Qb6 22.Red1 Rfc8
23.Ne3 Bh6 24.Qd3 Qd8 25.Ng2 b3 26.Ne1 Nf8 27.h4 Ne6 28.g5 Bg7 29.Bh3 Nxd4
30.Bxc8 Qxc8 31.Qe3 Qg4+ 32.Kf1 Nc2 33.Qf3 Qxh4 34.Qg2 Qf4 35.Kg1 Rb5 36.Rd5 Rxd5
37.exd5 Qf5  0-1

[Event "Spartak IM 2012"]
[Site "Subotica SRB"]
[Date "2012.04.21"]
[Round "3.4"]
[White "Ardeleanu,A"]
[Black "Djokic,Nen"]
[Result "1/2-1/2"]
[WhiteElo "2338"]
[BlackElo "2393"]

1.e4 c5 2.Nf3 Nc6 3.Bb5 e6 4.Bxc6 bxc6 5.O-O Ne7 6.b3 Ng6 7.Bb2 f6 8.e5 Be7
9.Na3 O-O 10.Nc4 Qc7 11.d3 Ba6 12.Qe1 Rfe8 13.Qe3 Rad8 14.Rfe1 Bxc4 15.dxc4 d6
16.exd6 Bxd6 17.Rad1 Nf8 18.a4 e5 19.Qe4 Ne6 20.g3 Nd4 21.Bxd4 cxd4 22.Nh4 g6
23.Rd3 Bf8  1/2-1/2

[Event "Belgrade Cup Final 2012"]
[Site "Belgrade SRB"]
[Date "2012.04.22"]
[Round "5.2"]
[White "Dobrijevic,M"]
[Black "Radusinovic,L"]
[Result "1/2-1/2"]
[WhiteElo "2210"]
[BlackElo "2332"]

1.e4 c5 2.Nf3 Nc6 3.Bb5 d6 4.d4 cxd4 5.Qxd4 Bd7 6.Bxc6 Bxc6 7.Nc3 e6 8.Bg5 Nf6
9.O-O-O Be7 10.Rhe1 O-O 11.Bxf6 Bxf6 12.Qxd6 Qb6 13.Qg3 Rac8 14.e5 Be7 15.Nd4 Bb4
16.Re3 Rfd8 17.Qg4 Bd5 18.Nxd5 Rxd5 19.Nb3 Bc5 20.Nxc5 Rdxc5 21.Re2 Qa5 22.Kb1 Rxe5
23.Rxe5 Qxe5 24.Qd4 Qc7 25.c3 a6 26.Qd7 Qb8 27.Qe7 Re8 28.Qd7 h6 29.Rd6 Rf8
30.g3 Qa7 31.Rd2 Qb6 32.h4 h5 33.Qd4 Qc6 34.Qd7 Qh1+ 35.Kc2 b5 36.Qd6 Ra8
37.Qe5 Qf3 38.Qe2 Qf5+ 39.Qd3 Qc5 40.Qd4 Qc6 41.Qd6 Qc4 42.a3 a5 43.Qd4 Qc6
44.Qd7 Qe4+ 45.Kd1 b4 46.cxb4 axb4 47.Qd3 Qh1+ 48.Ke2 bxa3 49.bxa3 Ra4 50.Rd1 Re4+
51.Kd2 Qg2 52.Kc1 Re5 53.Rd2 Rd5 54.Qc2 Qf1+ 55.Kb2 Rb5+ 56.Ka2 Rb8 57.Rd7 Qb5
58.Rc7 Qd5+ 59.Qc4 Qa8 60.a4 g6 61.Qc6 Qa5 62.Rc8+ Rxc8 63.Qxc8+ Kg7 64.Qc2 e5
65.Kb3 Qb6+ 66.Kc4 Qc6+ 67.Kb3 Qb6+ 68.Ka3 Qd6+ 69.Kb2 Qb4+ 70.Kc1 Qe1+ 71.Kb2 Qb4+
72.Kc1  1/2-1/2

[Event "Grand Congress Open"]
[Site "Bournemouth ENG"]
[Date "2012.04.22"]
[Round "5.2"]
[White "Mladenov,P"]
[Black "Cherniaev,A1"]
[Result "0-1"]
[WhiteElo "2389"]
[BlackElo "2488"]

1.e4 c5 2.Nf3 Nc6 3.Bb5 e6 4.O-O Nge7 5.c3 a6 6.Ba4 b5 7.Bc2 Bb7 8.d4 cxd4
9.Nxd4 Ng6 10.Nd2 Qc7 11.N2f3 Be7 12.a4 b4 13.Nxc6 Qxc6 14.Bd2 bxc3 15.Bxc3 O-O
16.Rc1 d5 17.Qd4 f6 18.Bb3 dxe4 19.Ng5 Nf4 20.Nxe6 Nxe6 21.Bb4 Kh8 22.Qe3 Qe8
23.Bxe7 Qxe7 24.Qb6 Nd8 25.Rc7 Qe8 26.Rd1 e3 27.fxe3 Qe4 28.Rd2 Bc6 29.Bc2 Qe5
30.h3 a5 31.Rxc6 Nxc6 32.Qxc6 Qxe3+ 33.Rf2 Qc1+ 34.Kh2 Qxb2 35.Kg1 Qa1+ 36.Kh2 Rac8
37.Qf3 Qe5+ 38.g3 Rc3 39.Qg4 f5 40.Qg5 h6 41.Rxf5 Rxc2+  0-1